000 00355nam a22001457a 4500
003 OSt
005 20260216160057.0
008 260216b |||||||| |||| 00| 0 eng d
020 _a9780143440050
100 _4Murty S.
245 _aSudha Murty
_bThree Thousand Stitches
260 _aHaryana
_bPenguin Books
_c2017
300 _a179pp.
942 _2ddc
_cBK
999 _c370454
_d370454